000 00811cam a2200253 4500
001 B2406
008 090401t1989 xxu||||| |||| 00| 0 eng d
035 _a(Sirsi) u49876
041 _aeng
050 _a690.25
110 _aBuilding Research Establishment
245 _aSolid external walls: internal dry-lining - preventing summer condensation.
260 _aGarston,Watford
_bBuilding Research Establishment
_c1989
300 _a1 sheet : ill. ; 30cm.
350 _a0
490 _aDefect Action Sheet
_v133 (Design)
490 _aDAS
_v133
650 _aBUILDING DEFECTS
650 _aBUILT ENVIRONMENT-BUILDING ELEMENTS-COMPLETE BUILDING ELEMENTS-WALLS-EXTERNAL WALLS
650 _aINSULATION
690 _aBUILDING AND CONSTRUCTION-DEFECTS AND FAILURES
942 _n0
948 _c04/03/1997
999 _c92609
_d92609